8 mots dans mots : rue (mort subite) - Statistiques

Statistiques générales
  • Ce quiz a été pris 38 fois
  • Le résultat moyen est 5 sur 8
Answers on the Grid
Answers color-coded by a green-red scale on the quiz's grid according to % correct below.
Pantag---lique
Désem---r
C---llement
Attri---r
Monst---usement
Rétri---r
U---sque
G--- - portique
Contri---r
Incong---nce
Four---
Désobst---r
Im---s
T---lle
Redistri---r
Prémenst---lle
 
Statistiques - réponses
Réponse % Correct
C---llement
82%
Monst---usement
76%
Pantag---lique
68%
G--- - portique
56%
Incong---nce
56%
Prémenst---lle
56%
Désobst---r
53%
T---lle
53%
Aucun quiz correspondant
Distribution des résultats
% des personnes avec chaque résultat
Percentile par nombre de réponses
Votre historique - résultats
Vous n’avez pas pris ce quiz